000 00485nam a2200181Ia 4500
008 090123s9999 xx 000 0 und d
082 _b990
100 _aचोरघडे वामन
245 _aनागवेल
250 _a1
260 _bकुलकर्णी अ.अ.
300 _a99
600 _aचोरघडे वामन
630 _aनागवेल
700 _aचोरघडे वामन
730 _aनागवेल
942 _cBOOK
999 _c39075
_d39075